[Event "V Open Internacional BMW Augusta AragÃ³n "Stadium C
[Site "Zaragoza"]
[Date "2011.12.23"]
[Round "1"]
[Board "1"]
[White "Gaspar Calvo, Luis Alberto"]
[Black "Georgiev, Kiril"]
[Result "0-1"]
[WhiteElo "1802"]
[BlackElo "2666"]
[PlyCount "52"]
[EventDate "2011.12.23"]
[EventRounds "9"]
[EventCountry "ESP"]

1. e4 c5 2. Nf3 d6 3. d4 cxd4 4. Nxd4 Nf6 5. Nc3 a6 6. Bc4 e6 7. Bb3 b5 8. Be3
Bb7 9. f3 Nbd7 10. Qd2 Nc5 11. O-O-O Be7 12. g4 Rc8 13. g5 Nfd7 14. h4 Nb6 15.
h5 b4 16. Nce2 a5 17. g6 a4 18. gxf7+ Kxf7 19. Bxe6+ Nxe6 20. Nxe6 Kxe6 21.
Qxb4 Qc7 22. c3 Nc4 23. Nd4+ Kf7 24. Bf4 d5 25. Bxc7 Bxb4 26. Nb5 Bc6 0-1

[Event "V Open Internacional BMW Augusta AragÃ³n "Stadium C
[Site "Zaragoza"]
[Date "2011.12.23"]
[Round "1"]
[Board "1"]
[White "Aviol Oliveros, David"]
[Black "Kogan, Artur"]
[Result "0-1"]
[WhiteElo "1795"]
[BlackElo "2572"]
[PlyCount "66"]
[EventDate "2011.12.23"]
[EventRounds "9"]
[EventCountry "ESP"]

1. d4 Nf6 2. Nf3 c5 3. d5 d6 4. c4 b5 5. cxb5 a6 6. b6 Nbd7 7. Nc3 g6 8. e4 Bg7
9. Be2 O-O 10. O-O Rb8 11. Nd2 Nxb6 12. Nc4 Nxc4 13. Bxc4 Ng4 14. Qc2 f5 15. f3
Ne5 16. Be2 f4 17. Bd2 g5 18. Qc1 Qe8 19. Rb1 Qh5 20. Nd1 Bd7 21. Nf2 Bb5 22.
Bxb5 axb5 23. Qd1 Nc4 24. b3 Na3 25. Rc1 b4 26. Qe2 Nb5 27. Ng4 Nd4 28. Qd3 Qg6
29. Kh1 Ra8 30. Rg1 Rxa2 31. Be1 Ne2 32. Bf2 Nxc1 33. Rxc1 h5 0-1

[Event "V Open Internacional BMW Augusta AragÃ³n "Stadium C
[Site "Zaragoza"]
[Date "2011.12.23"]
[Round "1"]
[Board "1"]
[White "Arteaga Jimenez, Francisco"]
[Black "Cifuentes Parada, Roberto"]
[Result "0-1"]
[WhiteElo "1777"]
[BlackElo "2523"]
[PlyCount "40"]
[EventDate "2011.12.23"]
[EventRounds "9"]
[EventCountry "ESP"]

1. e4 c5 2. c3 d6 3. d4 Nf6 4. Bd3 g6 5. f4 Bg7 6. Nf3 O-O 7. O-O cxd4 8. cxd4
Nc6 9. Nc3 Bg4 10. d5 Nd4 11. Be2 Nxe2+ 12. Qxe2 Nd7 13. h3 Bxf3 14. Rxf3 Rc8
15. Be3 Qa5 16. Qb5 Qxb5 17. Nxb5 a6 18. Nd4 Nf6 19. e5 Nxd5 20. e6 Nxe3 0-1

[Event "V Open Internacional BMW Augusta AragÃ³n "Stadium C
[Site "Zaragoza"]
[Date "2011.12.23"]
[Round "1"]
[Board "1"]
[White "Mirzoev, Azer"]
[Black "Torcal Andolz, Alfonso"]
[Result "1-0"]
[WhiteElo "2510"]
[BlackElo "1777"]
[PlyCount "85"]
[EventDate "2011.12.23"]
[EventRounds "9"]
[EventCountry "ESP"]

1. Nf3 Nf6 2. c4 c5 3. Nc3 Nc6 4. g3 g6 5. Bg2 Bg7 6. a3 O-O 7. Rb1 a5 8. O-O
d5 9. cxd5 Nxd5 10. Nxd5 Qxd5 11. d3 Bg4 12. h3 Be6 13. Ng5 Qd7 14. Nxe6 Qxe6
15. Be3 Bd4 16. Bd2 Qd7 17. Qc2 b6 18. e3 Bg7 19. Rfd1 Rac8 20. Be1 Qc7 21. Qb3
e6 22. Qb5 Ne7 23. Rbc1 Qb8 24. b4 Bb2 25. Rb1 Bxa3 26. bxa5 bxa5 27. Qxa5 Bb4
28. Bxb4 cxb4 29. Rxb4 Qc7 30. Qxc7 Rxc7 31. d4 Nd5 32. Bxd5 exd5 33. Rb5 Rd8
34. g4 Kf8 35. Ra1 Ke7 36. Kg2 f5 37. gxf5 gxf5 38. Kf3 Kf6 39. Raa5 Rcd7 40.
Kf4 Rd6 41. Ra7 R8d7 42. Rxd7 Rxd7 43. Rb6+ 1-0

[Event "V Open Internacional BMW Augusta AragÃ³n "Stadium C
[Site "Zaragoza"]
[Date "2011.12.23"]
[Round "1"]
[Board "1"]
[White "Galarreta Abellan, Antonio"]
[Black "Franco Ocampos, Zenon"]
[Result "0-1"]
[WhiteElo "1770"]
[BlackElo "2505"]
[PlyCount "88"]
[EventDate "2011.12.23"]
[EventRounds "9"]
[EventCountry "ESP"]

1. d4 Nf6 2. Nf3 c5 3. d5 g6 4. c4 b5 5. cxb5 a6 6. b6 Qxb6 7. Nc3 d6 8. e4 Bg7
9. Bd3 O-O 10. O-O Bg4 11. Rb1 Nbd7 12. a3 Rfb8 13. h3 Bxf3 14. Qxf3 Ne5 15.
Qe2 Nxd3 16. Qxd3 Nd7 17. Bf4 Qa5 18. Rfc1 Rb3 19. Qc2 Rab8 20. Nd1 Qb6 21. Qc4
Ne5 22. Bxe5 Bxe5 23. Qc2 Bxb2 24. Nxb2 Rxb2 25. Rxb2 Qxb2 26. Qxb2 Rxb2 27.
Rc3 Kg7 28. f4 f5 29. e5 Rd2 30. exd6 exd6 31. Rc4 Rxd5 32. Ra4 h5 33. Rxa6 h4
34. Kf2 Rd2+ 35. Kf3 Kf6 36. a4 Ke6 37. Ra8 Ra2 38. a5 Kd5 39. a6 Kd4 40. a7 d5
41. Rg8 Rxa7 42. Rxg6 c4 43. Rc6 Ra3+ 44. Ke2 Ke4 0-1

[Event "V Open Internacional BMW Augusta AragÃ³n "Stadium C
[Site "Zaragoza"]
[Date "2011.12.23"]
[Round "1"]
[Board "1"]
[White "Lorente Aguar, Ruben"]
[Black "Glavina, Pablo"]
[Result "1-0"]
[WhiteElo "1755"]
[BlackElo "2468"]
[PlyCount "55"]
[EventDate "2011.12.23"]
[EventRounds "9"]
[EventCountry "ESP"]

1. e4 g6 2. d4 c6 3. Be3 d5 4. e5 Nh6 5. f3 Qb6 6. b3 f6 7. exf6 exf6 8. c3 a5
9. Bd3 Nf5 10. Bf2 c5 11. Ne2 Nc6 12. Bc2 cxd4 13. Bxf5 Bxf5 14. Nxd4 Bc5 15.
O-O Nxd4 16. Bxd4 Kf7 17. Bxc5 Qxc5+ 18. Qd4 Rac8 19. Nd2 Qxc3 20. Qxd5+ Kg7
21. Qxb7+ Rc7 22. Qb6 Rc6 23. Qb7+ Kh6 24. Nc4 Bd3 25. Qxc6 Qd4+ 26. Kh1 Bxf1
27. Rxf1 Rd8 28. Qe4 1-0

[Event "V Open Internacional BMW Augusta AragÃ³n "Stadium C
[Site "Zaragoza"]
[Date "2011.12.23"]
[Round "1"]
[Board "1"]
[White "Perez Mitjans, Orelvis"]
[Black "Salas Calvo, Alberto"]
[Result "1-0"]
[WhiteElo "2457"]
[BlackElo "1753"]
[PlyCount "59"]
[EventDate "2011.12.23"]
[EventRounds "9"]
[EventCountry "ESP"]

1. e4 d6 2. d4 Nf6 3. f3 g6 4. Be3 Bg7 5. Qd2 O-O 6. c4 c5 7. d5 a6 8. Nc3 Qa5
9. Nge2 b5 10. g4 b4 11. Nd1 Qd8 12. Ng3 e6 13. h4 exd5 14. cxd5 Bxg4 15. fxg4
Nxg4 16. h5 Be5 17. Bf4 Nd7 18. Be2 Qf6 19. Rf1 Qh4 20. Bxg4 Qxg4 21. Ne3 Qh4
22. Qf2 Qe7 23. Nc4 Bd4 24. Qf3 Ne5 25. Bxe5 Bxe5 26. Nxe5 Qxe5 27. O-O-O a5
28. Qf4 Qe7 29. Qf6 Qc7 30. h6 1-0

[Event "V Open Internacional BMW Augusta AragÃ³n "Stadium C
[Site "Zaragoza"]
[Date "2011.12.23"]
[Round "1"]
[Board "1"]
[White "Millan Sancho, David"]
[Black "Vassallo Barroche, Mauricio"]
[Result "0-1"]
[WhiteElo "1749"]
[BlackElo "2429"]
[PlyCount "42"]
[EventDate "2011.12.23"]
[EventRounds "9"]
[EventCountry "ESP"]

1. d4 Nf6 2. Nf3 c5 3. c3 e6 4. Bg5 h6 5. Bh4 b6 6. e3 Bb7 7. Nbd2 Be7 8. Bd3
g5 9. Bg3 g4 10. Nh4 h5 11. e4 cxd4 12. cxd4 Nc6 13. d5 Nb4 14. Bc4 Ng8 15. Be5
Rh6 16. dxe6 Rxe6 17. Bxe6 Nd3+ 18. Kf1 Nxe5 19. Bxf7+ Kxf7 20. Nf5 Nf6 21. f4
Bd6 0-1

[Event "V Open Internacional BMW Augusta AragÃ³n "Stadium C
[Site "Zaragoza"]
[Date "2011.12.23"]
[Round "1"]
[Board "1"]
[White "Bellia, Fabrizio"]
[Black "Gimeno Royo, Jose Andres"]
[Result "1-0"]
[WhiteElo "2418"]
[BlackElo "1747"]
[PlyCount "43"]
[EventDate "2011.12.23"]
[EventRounds "9"]
[EventCountry "ESP"]

1. e4 d5 2. exd5 Nf6 3. Nf3 Nxd5 4. d4 Bg4 5. Be2 e6 6. O-O Be7 7. c4 Nb6 8.
Nc3 O-O 9. Be3 Nc6 10. c5 Nd5 11. Qb3 Rb8 12. h3 Bf5 13. Nxd5 Qxd5 14. Bc4 Qe4
15. Nd2 Qh4 16. Nf3 Qh5 17. Be2 Qg6 18. Kh1 Rfd8 19. Qc3 Rd7 20. b4 Rbd8 21. b5
Nb8 22. Ne5 1-0

[Event "V Open Internacional BMW Augusta AragÃ³n "Stadium C
[Site "Zaragoza"]
[Date "2011.12.23"]
[Round "1"]
[Board "1"]
[White "Pellicer Sancho, Rafael Jose"]
[Black "Forcen Esteban, Daniel"]
[Result "0-1"]
[WhiteElo "1746"]
[BlackElo "2410"]
[PlyCount "42"]
[EventDate "2011.12.23"]
[EventRounds "9"]
[EventCountry "ESP"]

1. d4 Nf6 2. c4 c5 3. d5 e6 4. dxe6 fxe6 5. Nc3 d5 6. e3 d4 7. Nce2 Nc6 8. exd4
cxd4 9. Nf3 e5 10. Ng3 e4 11. Ng5 Bb4+ 12. Bd2 e3 13. fxe3 Ng4 14. Bxb4 Qxg5
15. Bd6 Nxe3 16. Qe2 Bg4 17. Qd3 O-O-O 18. Ne4 Qg6 19. Qb1 Nxf1 20. Rxf1 Rhe8
21. Rf4 Bf5 0-1

[Event "V Open Internacional BMW Augusta AragÃ³n "Stadium C
[Site "Zaragoza"]
[Date "2011.12.23"]
[Round "1"]
[Board "1"]
[White "Antoli Royo, Joaquin Miguel"]
[Black "Sanz Navarro, Alberto"]
[Result "1-0"]
[WhiteElo "2410"]
[BlackElo "1731"]
[PlyCount "57"]
[EventDate "2011.12.23"]
[EventRounds "9"]
[EventCountry "ESP"]

1. e4 e5 2. Bc4 Nc6 3. Nc3 Bc5 4. Qg4 g6 5. Qg3 d6 6. Nge2 Be6 7. Bxe6 fxe6 8.
d3 Nge7 9. a3 a6 10. Bh6 Kd7 11. Rf1 Re8 12. f4 Kc8 13. fxe5 dxe5 14. Rf7 b6
15. Rxh7 Nd4 16. Nxd4 Qxd4 17. Kd2 Kb7 18. b4 Qf2+ 19. Qxf2 Bxf2 20. Rf1 Bd4
21. Rff7 a5 22. Rxe7 axb4 23. Rxc7+ Ka6 24. axb4 Rec8 25. Rxc8 Rxc8 26. Ne2 Kb5
27. c3 Bf2 28. Bg5 Ka4 29. Rf7 1-0

[Event "V Open Internacional BMW Augusta AragÃ³n "Stadium C
[Site "Zaragoza"]
[Date "2011.12.23"]
[Round "1"]
[Board "1"]
[White "Gonzalez Azusa, Javier"]
[Black "Garza Marco, Sergio"]
[Result "0-1"]
[WhiteElo "1726"]
[BlackElo "2394"]
[PlyCount "56"]
[EventDate "2011.12.23"]
[EventRounds "9"]
[EventCountry "ESP"]

1. e4 d6 2. d4 Nf6 3. Nc3 g6 4. Bf4 Bg7 5. Be2 c6 6. e5 dxe5 7. dxe5 Nd5 8.
Nxd5 cxd5 9. Nf3 Nc6 10. O-O O-O 11. Re1 Bg4 12. h3 Bxf3 13. Bxf3 e6 14. c3 Qc7
15. c4 dxc4 16. Bxc6 Qxc6 17. Qd6 Qxd6 18. exd6 Rfd8 19. Red1 Bxb2 20. Rab1 c3
21. Rd3 Rd7 22. Bc1 Bxc1 23. Rxc1 Rc8 24. Kf1 Rc6 25. Rdxc3 Rdxd6 26. Rxc6 Rxc6
27. Rxc6 bxc6 28. Ke2 Kf8 0-1

[Event "V Open Internacional BMW Augusta AragÃ³n "Stadium C
[Site "Zaragoza"]
[Date "2011.12.24"]
[Round "2"]
[Board "1"]
[White "Kogan, Artur"]
[Black "Castillo Sanjuan, Alejandro"]
[Result "1-0"]
[WhiteElo "2572"]
[BlackElo "2037"]
[PlyCount "83"]
[EventDate "2011.12.23"]
[EventRounds "9"]
[EventCountry "ESP"]

1. c4 e5 2. a3 g6 3. Nc3 Bg7 4. g3 f5 5. Bg2 Nf6 6. d3 O-O 7. b4 Nc6 8. b5 Ne7
9. Qb3 d6 10. Nh3 h6 11. f4 Rb8 12. O-O Be6 13. Kh1 c6 14. a4 Qd7 15. Rb1 Rbc8
16. a5 c5 17. Ng1 Rfd8 18. e4 Kh8 19. Bb2 Ng4 20. Rbe1 exf4 21. gxf4 Rf8 22.
Nd1 Nf6 23. Ne3 Nh5 24. Bxg7+ Kxg7 25. Ne2 Kh7 26. Nd5 fxe4 27. dxe4 Nxd5 28.
cxd5 Bg4 29. f5 Bxe2 30. fxg6+ Kxg6 31. Rxe2 Rxf1+ 32. Bxf1 Rf8 33. Bh3 Qe7 34.
Bf5+ Kg7 35. Rg2+ Kh8 36. Qh3 Nf6 37. Qxh6+ Nh7 38. Bxh7 Rf1+ 39. Rg1 Rxg1+ 40.
Kxg1 Qc7 41. b6 axb6 42. Bf5+ 1-0

[Event "V Open Internacional BMW Augusta AragÃ³n "Stadium C
[Site "Zaragoza"]
[Date "2011.12.24"]
[Round "2"]
[Board "1"]
[White "Juberias Segura, Santiago"]
[Black "Paunovic, Dragan"]
[Result "0-1"]
[WhiteElo "2045"]
[BlackElo "2528"]
[PlyCount "118"]
[EventDate "2011.12.23"]
[EventRounds "9"]
[EventCountry "ESP"]

1. c4 g6 2. g3 Bg7 3. Bg2 Nf6 4. Nc3 O-O 5. Nf3 d5 6. cxd5 Nxd5 7. O-O Nc6 8.
Nxd5 Qxd5 9. d3 a5 10. a3 a4 11. Qc2 Qb5 12. Rb1 Be6 13. Be3 Ba2 14. Ra1 Bd5
15. Rab1 Rfc8 16. Nd2 Bxg2 17. Kxg2 Bd4 18. Qc4 Qxc4 19. Nxc4 Bxe3 20. Nxe3 Nd4
21. Nc4 b5 22. Nd2 Nxe2 23. Rfe1 Nd4 24. Rxe7 Ne6 25. Rd7 Rd8 26. Ne4 Rxd7 27.
Nf6+ Kg7 28. Nxd7 Rd8 29. Ne5 f6 30. Nc6 Rxd3 31. Re1 Kf7 32. Re2 Rd6 33. Rc2
Ke8 34. h4 Kd7 35. Nb8+ Kc8 36. Nc6 Kb7 37. Ne7 Nd4 38. Rd2 c5 39. g4 Kc7 40.
Ng8 g5 41. Rd1 gxh4 42. Rh1 b4 43. Rxh4 bxa3 44. Rxh7+ Rd7 45. Rxd7+ Kxd7 46.
bxa3 Ke6 47. Kf1 Nb5 48. Ke2 Nxa3 49. Kd2 Nc4+ 50. Kc3 Nd6 51. f4 Kf7 52. Nh6+
Kg7 53. g5 f5 54. Kb2 c4 55. Kc3 a3 56. Kc2 Kf8 57. Kc3 Nb5+ 58. Kc2 Nd4+ 59.
Kc1 c3 0-1

[Event "V Open Internacional BMW Augusta AragÃ³n "Stadium C
[Site "Zaragoza"]
[Date "2011.12.24"]
[Round "2"]
[Board "1"]
[White "Cifuentes Parada, Roberto"]
[Black "Sarto Ramos, Angel"]
[Result "1-0"]
[WhiteElo "2523"]
[BlackElo "2011"]
[PlyCount "61"]
[EventDate "2011.12.23"]
[EventRounds "9"]
[EventCountry "ESP"]

1. d4 d6 2. c4 e5 3. Nc3 c6 4. Nf3 f6 5. e4 Bg4 6. Be3 Nd7 7. Be2 Nh6 8. Bxh6
gxh6 9. Nh4 Bxe2 10. Qxe2 Qe7 11. Nf5 Qf7 12. O-O O-O-O 13. d5 Kb8 14. Rfd1 c5
15. a3 Nb6 16. b4 Rc8 17. Rab1 Qd7 18. b5 Rc7 19. a4 Nc8 20. a5 b6 21. Ra1 Ne7
22. axb6 axb6 23. Ra6 Rb7 24. Nxe7 Bxe7 25. Rda1 Kc7 26. Qh5 f5 27. exf5 Bg5
28. h4 Bf4 29. Ne4 Qg7 30. Ra8 Rxa8 31. Rxa8 1-0

[Event "V Open Internacional BMW Augusta AragÃ³n "Stadium C
[Site "Zaragoza"]
[Date "2011.12.24"]
[Round "2"]
[Board "1"]
[White "Cobo Garrido, Diego Israel"]
[Black "Mirzoev, Azer"]
[Result "1/2-1/2"]
[WhiteElo "2039"]
[BlackElo "2510"]
[PlyCount "152"]
[EventDate "2011.12.23"]
[EventRounds "9"]
[EventCountry "ESP"]

1. e4 Nf6 2. e5 Nd5 3. c4 Nb6 4. d4 d6 5. exd6 cxd6 6. Nc3 g6 7. Be3 Bg7 8. Be2
O-O 9. Rc1 Nc6 10. d5 Ne5 11. b3 f5 12. f4 Ng4 13. Bd4 Bh6 14. Qd2 Nd7 15. Nf3
Nc5 16. O-O a5 17. Rce1 Bd7 18. Bd1 Re8 19. Bc2 Rc8 20. h3 Nf6 21. Ng5 Bg7 22.
Qf2 h6 23. Nf3 Nh5 24. Bxg7 Kxg7 25. Nh4 e5 26. dxe6 Bxe6 27. Qd4+ Qf6 28.
Qxf6+ Kxf6 29. Rd1 Red8 30. Kh2 Ng7 31. Nf3 Bf7 32. Rd2 Ne8 33. Rfd1 a4 34.
Nd5+ Bxd5 35. Rxd5 axb3 36. axb3 b5 37. cxb5 Ne6 38. Bb1 Nxf4 39. R5d2 Ne6 40.
Bd3 Rc3 41. Bc4 Nc5 42. Nd4 Ne4 43. Ra2 h5 44. Nc6 Rd7 45. h4 d5 46. Rxd5 Rxd5
47. Bxd5 N8d6 48. b6 Rd3 49. Bc4 Nxc4 50. bxc4 Rb3 51. Ra6 Nc5 52. Ra5 Nb7 53.
Rb5 Rxb5 54. cxb5 f4 55. Nd4 Ke5 56. Nf3+ Kf5 57. Kg1 Kg4 58. Kf2 Nc5 59. Ne5+
Kxh4 60. Nxg6+ Kg4 61. Ne5+ Kf5 62. Nc4 Nb7 63. Kf3 h4 64. Nd2 Nc5 65. Nb3 Nb7
66. Nd4+ Ke5 67. Ne2 Kd6 68. Nxf4 Kc5 69. Kg4 Kxb6 70. Kxh4 Nd6 71. Ne6 Kxb5
72. Kg5 Kc6 73. g4 Kd7 74. Ng7 Ne4+ 75. Kf4 Nf2 76. g5 Nh3+ 1/2-1/2

[Event "V Open Internacional BMW Augusta AragÃ³n "Stadium C
[Site "Zaragoza"]
[Date "2011.12.24"]
[Round "2"]
[Board "1"]
[White "Franco Ocampos, Zenon"]
[Black "Garcia Gracia, Victor Hugo"]
[Result "1-0"]
[WhiteElo "2505"]
[BlackElo "1972"]
[PlyCount "65"]
[EventDate "2011.12.23"]
[EventRounds "9"]
[EventCountry "ESP"]

1. c4 e5 2. g3 Nc6 3. Bg2 f5 4. Nc3 Nf6 5. e3 g6 6. Nge2 Bg7 7. d3 O-O 8. O-O
d6 9. Rb1 a5 10. a3 Qe7 11. b4 axb4 12. axb4 Nd8 13. Bd2 c6 14. b5 Nd7 15. bxc6
bxc6 16. Nd5 Qf7 17. Qc2 Bb7 18. Nb6 Ra7 19. Nxd7 Qxd7 20. Ra1 Rxa1 21. Rxa1 f4
22. Nc3 f3 23. Bf1 Ne6 24. Ra7 Ra8 25. Rxa8+ Bxa8 26. Qa2 Bb7 27. Bh3 Qf7 28.
Ne4 Bf8 29. Qa7 Nd8 30. Ba5 Ne6 31. Bxe6 Qxe6 32. Qxb7 Qh3 33. Qf7+ 1-0

[Event "V Open Internacional BMW Augusta AragÃ³n "Stadium C
[Site "Zaragoza"]
[Date "2011.12.24"]
[Round "2"]
[Board "1"]
[White "Valiente Roy, Jose Javier"]
[Black "Gonzalez Perez, Arian"]
[Result "0-1"]
[WhiteElo "2035"]
[BlackElo "2474"]
[PlyCount "88"]
[EventDate "2011.12.23"]
[EventRounds "9"]
[EventCountry "ESP"]

1. Nf3 Nf6 2. c4 g6 3. b4 Bg7 4. Bb2 O-O 5. g3 d6 6. Bg2 e5 7. d3 Nc6 8. b5 Ne7
9. O-O Nd7 10. Qc2 Nf5 11. Nbd2 Nc5 12. a4 Re8 13. e4 Nh6 14. d4 exd4 15. Bxd4
Ng4 16. Bxg7 Kxg7 17. Rfe1 Qf6 18. h3 Ne5 19. Nxe5 dxe5 20. Nb3 Qe7 21. Nxc5
Qxc5 22. Rad1 Be6 23. Bf1 a6 24. Qb2 Reb8 25. Kg2 axb5 26. axb5 Ra4 27. Ra1 Rb4
28. Qa3 Bxc4 29. Rab1 Bxf1+ 30. Rxf1 Rxb5 31. Qa1 Rxb1 32. Qxb1 b6 33. Rc1 Qd6
34. Qb2 Rd8 35. Qb5 c5 36. Rc4 Ra8 37. Ra4 Rxa4 38. Qxa4 Qd4 39. Qc6 c4 40. g4
h6 41. h4 Qc5 42. Qe8 c3 43. g5 hxg5 44. hxg5 c2 0-1

[Event "V Open Internacional BMW Augusta AragÃ³n "Stadium C
[Site "Zaragoza"]
[Date "2011.12.24"]
[Round "2"]
[Board "1"]
[White "Munoz Suarez, Luis Alberto"]
[Black "Perez Mitjans, Orelvis"]
[Result "0-1"]
[WhiteElo "1994"]
[BlackElo "2457"]
[PlyCount "42"]
[EventDate "2011.12.23"]
[EventRounds "9"]
[EventCountry "ESP"]

1. e4 d5 2. exd5 Qxd5 3. Nc3 Qa5 4. d4 Nf6 5. Bc4 Bg4 6. f3 Bf5 7. Qe2 Nc6 8.
Be3 O-O-O 9. O-O-O e6 10. g4 Bg6 11. Nh3 Bb4 12. Nb1 Nd5 13. c3 Bd6 14. Nf2 Bf4
15. Bxf4 Nxf4 16. Qe3 Nd5 17. Qe2 Rhe8 18. Nd3 b5 19. b4 Nxc3 20. Qb2 Nxd1 21.
Rxd1 Qb6 0-1

[Event "V Open Internacional BMW Augusta AragÃ³n "Stadium C
[Site "Zaragoza"]
[Date "2011.12.24"]
[Round "2"]
[Board "1"]
[White "Vassallo Barroche, Mauricio"]
[Black "Gonzalez Pabollet, Jesus Maria"]
[Result "1-0"]
[WhiteElo "2429"]
[BlackElo "1950"]
[PlyCount "51"]
[EventDate "2011.12.23"]
[EventRounds "9"]
[EventCountry "ESP"]

1. d4 Nf6 2. Nf3 e6 3. c4 Ne4 4. a3 d5 5. e3 Nd7 6. Bd3 c5 7. cxd5 exd5 8. O-O
Bd6 9. Nbd2 f5 10. dxc5 Ndxc5 11. Bb5+ Bd7 12. Be2 Qc7 13. g3 O-O 14. Nd4 Bxg3
15. fxg3 Nxg3 16. Rf2 f4 17. exf4 Rxf4 18. N2f3 Rg4 19. Rg2 Nxe2+ 20. Qxe2 Re4
21. Qc2 Qb6 22. Kh1 Ba4 23. Qc3 Rf8 24. Bd2 Nb3 25. Nxb3 Bxb3 26. Qxg7# 1-0

[Event "V Open Internacional BMW Augusta AragÃ³n "Stadium C
[Site "Zaragoza"]
[Date "2011.12.24"]
[Round "2"]
[Board "1"]
[White "Galvez Perez, Jose Luis"]
[Black "Bellia, Fabrizio"]
[Result "0-1"]
[WhiteElo "1944"]
[BlackElo "2418"]
[PlyCount "58"]
[EventDate "2011.12.23"]
[EventRounds "9"]
[EventCountry "ESP"]

1. d4 d5 2. Bf4 Nf6 3. e3 c5 4. dxc5 Qa5+ 5. c3 Qxc5 6. Nd2 Nc6 7. Ngf3 Bg4 8.
h3 Bh5 9. Qa4 Nd7 10. Nb3 Qb6 11. O-O-O e6 12. g4 Bg6 13. Bd3 Bxd3 14. Rxd3 Be7
15. Bg3 Nf6 16. Nfd2 O-O 17. e4 Rac8 18. Kb1 Rfd8 19. e5 Nd7 20. Re1 Qc7 21.
Nf3 Nb4 22. Rdd1 Nb6 23. Qa5 Nc6 24. Qb5 Nc4 25. Nbd4 N6a5 26. Ka1 a6 27. Qa4
Nxb2 28. Kxb2 Qxc3+ 29. Kb1 Ba3 0-1

[Event "V Open Internacional BMW Augusta AragÃ³n "Stadium C
[Site "Zaragoza"]
[Date "2011.12.24"]
[Round "2"]
[Board "1"]
[White "Forcen Esteban, Daniel"]
[Black "Garcia Lopez, Alberto Jose"]
[Result "1-0"]
[WhiteElo "2410"]
[BlackElo "1943"]
[PlyCount "67"]
[EventDate "2011.12.23"]
[EventRounds "9"]
[EventCountry "ESP"]

1. e4 d6 2. d4 Nf6 3. Nc3 g6 4. h4 Bg7 5. Be2 O-O 6. h5 e5 7. hxg6 fxg6 8. dxe5
dxe5 9. Bc4+ Kh8 10. Qxd8 Rxd8 11. Nf3 Nc6 12. Ng5 Rd4 13. Bb3 Na5 14. Bf7 Nh5
15. Be3 Bh6 16. Bd5 Bxg5 17. Bxg5 c6 18. Rxh5 cxd5 19. Bf6+ Kg8 20. Rxe5 Nc6
21. Rxd5 Rc4 22. b3 Rb4 23. O-O-O Be6 24. Rd6 Kf7 25. Bg5 Rc8 26. a3 Rb6 27.
Be3 Ra6 28. Kb2 Ra5 29. f4 b5 30. b4 Ra6 31. f5 gxf5 32. exf5 Bxf5 33. Rf1 Ke7
34. Bc5 1-0

[Event "V Open Internacional BMW Augusta AragÃ³n "Stadium C
[Site "Zaragoza"]
[Date "2011.12.24"]
[Round "2"]
[Board "1"]
[White "Georgieva, Emilia"]
[Black "Antoli Royo, Joaquin Miguel"]
[Result "0-1"]
[WhiteElo "1938"]
[BlackElo "2410"]
[PlyCount "46"]
[EventDate "2011.12.23"]
[EventRounds "9"]
[EventCountry "ESP"]

1. d4 g6 2. Nf3 Bg7 3. c3 c5 4. e3 d5 5. dxc5 Nf6 6. b4 O-O 7. a4 Nc6 8. Bb5 a5
9. Bxc6 bxc6 10. O-O Bg4 11. h3 Bxf3 12. gxf3 Nd7 13. Ra3 Ne5 14. f4 Nc4 15.
Ra2 Qd7 16. Nd2 Nxd2 17. Bxd2 Qxh3 18. b5 Rfe8 19. b6 e5 20. b7 Rab8 21. Rb2
Qd7 22. Qb3 g5 23. Qb6 Qg4+ 0-1

[Event "V Open Internacional BMW Augusta AragÃ³n "Stadium C
[Site "Zaragoza"]
[Date "2011.12.24"]
[Round "2"]
[Board "1"]
[White "Garza Marco, Sergio"]
[Black "Calvo Mayayo, Jose Maria"]
[Result "1-0"]
[WhiteElo "2394"]
[BlackElo "1932"]
[PlyCount "77"]
[EventDate "2011.12.23"]
[EventRounds "9"]
[EventCountry "ESP"]

1. d4 d5 2. c4 c6 3. Nf3 Nf6 4. Nc3 e6 5. g3 Nbd7 6. Bg2 Bd6 7. O-O O-O 8. Qd3
dxc4 9. Qxc4 e5 10. Rd1 Qe7 11. dxe5 Nxe5 12. Nxe5 Bxe5 13. Be3 Be6 14. Qc5
Qxc5 15. Bxc5 Rfe8 16. e4 Bc7 17. h3 Nd7 18. Be3 Nb6 19. b3 Rad8 20. f4 f6 21.
Kf2 Kf7 22. Bf1 g6 23. g4 Bc8 24. Rdc1 Rd7 25. Be2 Kg7 26. h4 h6 27. b4 a6 28.
a4 Na8 29. b5 Ba5 30. Kf3 Red8 31. bxc6 bxc6 32. Rab1 Rb7 33. Nd1 Rxb1 34. Rxb1
Nc7 35. Rc1 Bb7 36. f5 g5 37. Nb2 Ne8 38. Nd3 Nd6 39. Nc5 1-0

[Event "V Open Internacional BMW Augusta AragÃ³n "Stadium C
[Site "Zaragoza"]
[Date "2011.12.24"]
[Round "2"]
[Board "1"]
[White "Pueyo Marina, Gerardo"]
[Black "Chueca Forcen, Alberto"]
[Result "0-1"]
[WhiteElo "1926"]
[BlackElo "2350"]
[PlyCount "58"]
[EventDate "2011.12.23"]
[EventRounds "9"]
[EventCountry "ESP"]

1. d4 Nf6 2. Nf3 e6 3. g3 c5 4. c4 cxd4 5. Nxd4 d5 6. Bg2 e5 7. Nf3 d4 8. O-O
Nc6 9. Qb3 Be7 10. Nbd2 O-O 11. a3 a5 12. Qb5 a4 13. b4 Re8 14. c5 h6 15. Nc4
e4 16. Nfd2 Nd5 17. Nxe4 Nc7 18. Qb6 Ra6 19. Qxa6 Nxa6 20. b5 Nxc5 21. Nxc5
Bxc5 22. bxc6 bxc6 23. Bxc6 Rxe2 24. Rb1 Be6 25. Rb5 Ba7 26. Nd2 Bh3 27. Rd1 d3
28. Ne4 Bxf2+ 29. Nxf2 Qd4 0-1

[Event "V Open Internacional BMW Augusta AragÃ³n "Stadium C
[Site "Zaragoza"]
[Date "2011.12.26"]
[Round "3"]
[Board "1"]
[White "Moreno Gracia, Daniel"]
[Black "Georgiev, Kiril"]
[Result "0-1"]
[WhiteElo "2298"]
[BlackElo "2666"]
[PlyCount "100"]
[EventDate "2011.12.23"]
[EventRounds "9"]
[EventCountry "ESP"]

1. d4 Nf6 2. c4 e6 3. Nc3 Bb4 4. Qc2 c5 5. dxc5 O-O 6. Nf3 Na6 7. e3 Nxc5 8.
Bd2 b6 9. Be2 Bb7 10. O-O Nce4 11. Nxe4 Bxe4 12. Bd3 Bxd3 13. Qxd3 Qe7 14. Rfd1
Rac8 15. Rac1 Rfd8 16. Bxb4 Qxb4 17. a3 Qa4 18. Nd4 a6 19. h3 h6 20. Qc2 Qa5
21. Rd3 Rc7 22. Qd2 Qc5 23. Qb4 Qxb4 24. axb4 Nd5 25. b5 a5 26. b3 Nb4 27. Rd2
d5 28. Nc6 Nxc6 29. cxd5 exd5 30. Rdc2 d4 31. exd4 Nxd4 32. Rxc7 Ne2+ 33. Kf1
Nxc1 34. Rxc1 Rd5 35. Rc8+ Kh7 36. Rc3 Rxb5 37. Ke2 h5 38. h4 Rb4 39. g3 f6 40.
Kd3 Kg6 41. Ke3 Kf5 42. f3 Ke5 43. Rd3 g5 44. hxg5 fxg5 45. Kf2 Rd4 46. Re3+
Kd5 47. Rc3 Rd2+ 48. Ke3 Rg2 49. Rd3+ Kc5 50. Ke4 Rxg3 0-1